| 000 | 00892cam a22001935a 4500 | ||
|---|---|---|---|
| 001 | L150364 | ||
| 008 | 100705e2010 xxk 000 0 eng d | ||
| 035 | _a(Sirsi) u150364 | ||
| 041 | 0 | _aeng | |
| 100 | 1 | _aWilkinson, Geoff | |
| 245 | 0 | 0 |
_aBuilding Regulations _bthe new energy-efficiency requirements of Part L of the Building Regulations come into force on 1 October |
| 260 | _c2010 | ||
| 490 |
_aArchitects Journal _v232(1) 1 July 2010, 35-38(4) |
||
| 520 | _aChanges take effect on 1 October 2010 for any project that has not submitted a Building Regulations application before that date, and will apply retrospectively to any project that has not commenced before 1 October 2011; includes graph showing zero carbon and time limit for new legislation; tables of limiting fabric parameters. | ||
| 590 | _aKA | ||
| 651 | 4 | _aUnited Kingdom | |
| 690 | _aBUILT ENVIRONMENT | ||
| 942 | _n0 | ||
| 999 |
_c82477 _d82477 |
||